000 00502nam a2200181Ia 4500
999 _c7475
_d7475
003 OSt
005 20200123111512.0
008 190216s9999||||xx |||||||||||||| ||und||
020 _a9788180545542
040 _coclc
082 _a658.3
_bPRA/H
100 _aPrasad, L M
_91259
245 0 _aHuman Resource Management /
_cL M Prasad
250 _a2nd ed.
260 _bSulthan Chand&Sons,
_c2005.
_aNew Delhi:
300 _a807p
942 _cBK
_2ddc
_h658.3
_iPRA/H
_k658.3
_mPRA/H